000 00697nam a2200229Ia 4500
003 OSt
005 20251125093601.0
008 210716s2002 xx 000 0 und d
020 _a9812359664
040 _cAIMIT LIBRARY
041 _aeng
082 _a005.762
_21
_bADRP
100 _aAdriaans, Pieter.
_9246718
245 _aData mining /
_cBy Pieter Adriaans and Dolf Zantinge.
250 _a1st ed.
260 _aNew Delhi :
_bPearson Education ,
_c2002.
300 _axi,158p.;
_bPB
_c24cm.
650 _aData mining techniques and applications
_9246719
650 _aData mining for security
_9246720
650 _aIntrusion detection result
_9246721
942 _2ddc
_cBK
_k005.762 ADRP
999 _c185002
_d185002